Music Quiz

Random Music or Artist Quiz

First Five Billboard Top 10 Hits (Clickable) Quiz Stats

 Plays Quiz not verified by Sporcle

Score 0/50 Timer 09:00
0 Plays Today
% Correct
I Kissed A Girl
94.7%
Don't Stop Believin'
93.3%
California Gurls
90.8%
Teenage Dream
86.9%
Baby Love
86.2%
My Humps
85.8%
Boom Boom Pow
85.1%
50 Ways to Leave Your Lover
83%
Stop! In the Name of Love
82.3%
I Gotta Feeling
80.1%
Don't Phunk with My Heart
78%
Rich Girl
77.3%
Open Arms
77%
Hot 'n Cold
75.5%
Vision of Love
74.5%
Emotions
74.5%
Wake Up Little Susie
73%
All I Have to Do Is Dream
73%
Kiss on My List
73%
Bye Bye Love
69.9%
Sara Smile
68.8%
Separate Ways (Worlds Apart)
68.4%
Kodachrome
68.1%
Where Did Our Love Go
68.1%
Last Dance
67.7%
% Correct
Love to Love You Baby
66.7%
You Make My Dreams
64.9%
Where is the Love
64.2%
She's Gone
63.8%
Mother and Child Reunion
63.5%
Slip Slidin' Away
62.8%
MacArthur Park
61.7%
Come See About Me
61.3%
Loves Me Like a Rock
59.9%
Waking Up in Vegas
59.6%
Who's Crying Now
56.7%
Nothing From Nothing
54.3%
I Don't Wanna Cry
53.9%
Love Takes Time
53.5%
Someday
53.5%
I Feel Love
52.8%
Back in My Arms Again
49.6%
Will It Go Round in Circles
48.9%
Bird Dog
45.7%
Only The Young
44.3%
Outa-Space
42.6%
Heaven Knows
39.7%
Space Race
34.8%
With You I'm Born Again
33%
Problems
19.9%

You're not logged in!

Compare scores with friends on all Sporcle quizzes.
OR
Log In

You Might Also Like...

Show Comments

Extras

Top Quizzes Today


Score Distribution

Your Account Isn't Verified!

In order to create a playlist on Sporcle, you need to verify the email address you used during registration. Go to your Sporcle Settings to finish the process.

Report this User

Report this user for behavior that violates our Community Guidelines.

Details: